[Event "DVM U20w 2016"]
[Site "Borken-Gemen GER"]
[Date "2016.12.30"]
[Round "7"]
[White "Zimmermann, Jasmin"]
[Black "Grining, Maria"]
[Result "1-0"]
[Termination "normal"]
[Board "1.4"]
[WhiteElo "1726"]
[BlackElo "1481"]
[WhiteClock "00:14:01"]
[BlackClock "00:42:12"]
[WhiteTeam "TuRa Harksheide Norderstedt"]
[BlackTeam "Karlsruher SF"]
[PlyCount "95"]
[WhiteFideId "12900400"]
[BlackFideId "16235037"]
[EventCountry "GER"]
[EventRounds "7"]
[EventType "team-swiss"]
[EventDate "2016.12.26"]

1. e4 {[%clk 1:30:57]} e5 {[%clk 1:30:31]} 2. Nf3 {[%clk 1:31:17]} Nc6 {[%clk
1:30:40]} 3. d4 {[%clk 1:31:36]} exd4 {[%clk 1:30:45]} 4. Nxd4 {[%clk 1:31:58]}
Bc5 {[%clk 1:31:00]} 5. Nb3 {[%clk 1:32:00]} Bb6 {[%clk 1:30:56]} 6. Nc3 {[%clk
1:31:59]} Nf6 {[%clk 1:30:16]} 7. a4 {[%clk 1:30:48]} a6 {[%clk 1:29:23]} 8.
Bg5 {[%clk 1:28:43]} h6 {[%clk 1:21:54]} 9. Bh4 {[%clk 1:28:27]} g5 {[%clk
1:14:42]} 10. Bg3 {[%clk 1:28:14]} d6 {[%clk 1:14:52]} 11. Bc4 {[%clk 1:20:57]}
Be6 {[%clk 1:13:02]} 12. Bxe6 {[%clk 1:19:52]} fxe6 {[%clk 1:13:15]} 13. h4
{[%clk 1:16:46]} gxh4 {[%clk 1:09:40]} 14. Bxh4 {[%clk 1:15:15]} Qe7 {[%clk
1:08:00]} 15. e5 {[%clk 0:56:49]} Nxe5 {[%clk 0:57:44]} 16. Ne4 {[%clk
0:55:54]} Rf8 {[%clk 0:55:58]} 17. Nxf6+ {[%clk 0:54:28]} Rxf6 {[%clk 0:53:17]}
18. Bxf6 {[%clk 0:53:53]} Qxf6 {[%clk 0:53:31]} 19. Qd2 {[%clk 0:46:11]} Ng4
{[%clk 0:45:33]} 20. O-O-O {[%clk 0:41:29]} Qxf2 {[%clk 0:40:27]} 21. Kb1
{[%clk 0:34:26]} Qxd2 {[%clk 0:37:29]} 22. Rxd2 {[%clk 0:34:34]} Be3 {[%clk
0:37:37]} 23. Re2 {[%clk 0:33:28]} O-O-O {[%clk 0:36:16]} 24. Rh4 {[%clk
0:32:23]} Rg8 {[%clk 0:35:41]} 25. Rxg4 {[%clk 0:29:50]} Rxg4 {[%clk 0:34:00]}
26. Rxe3 {[%clk 0:30:03]} Rxg2 {[%clk 0:33:21]} 27. Rxe6 {[%clk 0:29:47]} Rg1+
{[%clk 0:33:39]} 28. Ka2 {[%clk 0:29:12]} h5 {[%clk 0:33:02]} 29. Rh6 {[%clk
0:27:35]} Rh1 {[%clk 0:30:15]} 30. Rh7 {[%clk 0:23:47]} Rh2 {[%clk 0:28:52]}
31. c3 {[%clk 0:22:45]} h4 {[%clk 0:28:10]} 32. Nd4 {[%clk 0:22:01]} Rh1 {[%clk
0:26:25]} 33. Nf5 {[%clk 0:20:32]} h3 {[%clk 0:26:07]} 34. Ng3 {[%clk 0:16:31]}
Rh2 {[%clk 0:26:20]} 35. Ne4 {[%clk 0:15:53]} b6 {[%clk 0:24:11]} 36. Ng5
{[%clk 0:15:18]} d5 {[%clk 0:22:38]} 37. Rxh3 {[%clk 0:07:21]} Rxh3 {[%clk
0:22:43]} 38. Nxh3 {[%clk 0:07:46]} Kd7 {[%clk 0:22:09]} 39. Nf4 {[%clk
0:06:34]} Kd6 {[%clk 0:22:16]} 40. Kb3 {[%clk 0:04:09]} c5 {[%clk 0:20:22]} 41.
c4 {[%clk 0:17:11]} d4 {[%clk 0:47:43]} 42. a5 {[%clk 0:13:02]} bxa5 {[%clk
0:41:50]} 43. Ka4 {[%clk 0:13:10]} Ke5 {[%clk 0:42:04]} 44. Nd3+ {[%clk
0:13:09]} Kd6 {[%clk 0:41:36]} 45. Kxa5 {[%clk 0:13:22]} Kc6 {[%clk 0:41:51]}
46. Kxa6 {[%clk 0:13:39]} Kd6 {[%clk 0:42:00]} 47. Kb6 {[%clk 0:13:59]} Kd7
{[%clk 0:42:12]} 48. Kxc5 {[%clk 0:14:01]} 1-0

[Event "DVM U20w 2016"]
[Site "Borken-Gemen GER"]
[Date "2016.12.30"]
[Round "7"]
[White "Poetsch, Leonore"]
[Black "Gamisch, Laura"]
[Result "0-1"]
[Termination "normal"]
[Board "2.1"]
[WhiteElo "1946"]
[BlackElo "1800"]
[WhiteClock "00:35:00"]
[BlackClock "00:14:23"]
[WhiteTeam "SK Langen"]
[BlackTeam "TSV Forstenried"]
[PlyCount "74"]
[WhiteFideId "12940372"]
[BlackFideId "24615161"]
[EventCountry "GER"]
[EventRounds "7"]
[EventType "team-swiss"]
[EventDate "2016.12.26"]

1. e4 {[%clk 1:30:58]} c5 {[%clk 1:30:55]} 2. Nf3 {[%clk 1:31:25]} e6 {[%clk
1:31:20]} 3. c3 {[%clk 1:31:51]} d5 {[%clk 1:31:24]} 4. e5 {[%clk 1:31:49]} Nc6
{[%clk 1:31:08]} 5. d4 {[%clk 1:32:08]} Nge7 {[%clk 1:30:50]} 6. Bd3 {[%clk
1:32:04]} Qb6 {[%clk 1:30:14]} 7. O-O {[%clk 1:32:15]} Bd7 {[%clk 1:30:08]} 8.
Qe2 {[%clk 1:31:12]} cxd4 {[%clk 1:28:21]} 9. cxd4 {[%clk 1:29:29]} Nxd4 {[%clk
1:28:31]} 10. Nxd4 {[%clk 1:29:55]} Qxd4 {[%clk 1:28:55]} 11. Nc3 {[%clk
1:30:06]} a6 {[%clk 1:27:51]} 12. Kh1 {[%clk 1:30:12]} Ng6 {[%clk 1:26:21]} 13.
f4 {[%clk 1:30:12]} Bc5 {[%clk 1:25:12]} 14. Bd2 {[%clk 1:27:28]} Ba7 {[%clk
1:21:43]} 15. Rf3 {[%clk 1:25:46]} Bc6 {[%clk 1:18:39]} 16. a3 {[%clk 1:24:35]}
Qb6 {[%clk 1:18:05]} 17. b4 {[%clk 1:22:51]} O-O {[%clk 1:09:27]} 18. Rh3
{[%clk 1:21:51]} Qf2 {[%clk 1:08:22]} 19. Qh5 {[%clk 1:12:55]} h6 {[%clk
1:06:01]} 20. Ne2 {[%clk 1:10:27]} Bb5 {[%clk 0:51:03]} 21. Rf3 {[%clk
0:59:04]} Qh4 {[%clk 0:49:16]} 22. Ng3 {[%clk 0:53:39]} Qxh5 {[%clk 0:45:06]}
23. Nxh5 {[%clk 0:54:02]} Bxd3 {[%clk 0:45:19]} 24. Rxd3 {[%clk 0:54:27]} Rac8
{[%clk 0:45:18]} 25. g4 {[%clk 0:53:40]} Rc4 {[%clk 0:42:07]} 26. Re1 {[%clk
0:50:43]} Bd4 {[%clk 0:38:19]} 27. Kg2 {[%clk 0:49:19]} Rfc8 {[%clk 0:36:51]}
28. Kg3 {[%clk 0:45:53]} Bb2 {[%clk 0:27:24]} 29. a4 {[%clk 0:40:16]} Bc3
{[%clk 0:20:20]} 30. Bxc3 {[%clk 0:39:53]} Rxc3 {[%clk 0:20:45]} 31. Ree3
{[%clk 0:38:34]} Rxd3 {[%clk 0:20:39]} 32. Rxd3 {[%clk 0:39:00]} Rc4 {[%clk
0:20:18]} 33. Rb3 {[%clk 0:39:09]} b5 {[%clk 0:20:11]} 34. axb5 {[%clk
0:39:01]} axb5 {[%clk 0:20:37]} 35. Kf3 {[%clk 0:38:24]} Ne7 {[%clk 0:20:16]}
36. f5 {[%clk 0:35:52]} Nc6 {[%clk 0:16:56]} 37. Re3 {[%clk 0:35:00]} Nd4+
{[%clk 0:14:23]} 0-1

[Event "DVM U20w 2016"]
[Site "Borken-Gemen GER"]
[Date "2016.12.30"]
[Round "7"]
[White "Bosse, Lea"]
[Black "Flach, Helene"]
[Result "1/2-1/2"]
[Termination "normal"]
[Board "2.2"]
[WhiteElo "1653"]
[BlackElo "1815"]
[WhiteClock "00:34:44"]
[BlackClock "00:43:30"]
[WhiteTeam "TSV Forstenried"]
[BlackTeam "SK Langen"]
[PlyCount "44"]
[WhiteFideId "12900419"]
[BlackFideId "12929735"]
[EventCountry "GER"]
[EventRounds "7"]
[EventType "team-swiss"]
[EventDate "2016.12.26"]

1. e4 {[%clk 1:30:43]} c5 {[%clk 1:30:54]} 2. Nc3 {[%clk 1:30:49]} e6 {[%clk
1:31:18]} 3. f4 {[%clk 1:31:13]} a6 {[%clk 1:31:43]} 4. Nf3 {[%clk 1:30:26]} b5
{[%clk 1:32:05]} 5. d3 {[%clk 1:29:56]} Bb7 {[%clk 1:32:21]} 6. g3 {[%clk
1:27:54]} d5 {[%clk 1:32:08]} 7. exd5 {[%clk 1:22:55]} exd5 {[%clk 1:32:30]} 8.
Bg2 {[%clk 1:21:02]} Nf6 {[%clk 1:31:57]} 9. O-O {[%clk 1:19:59]} Be7 {[%clk
1:31:44]} 10. Re1 {[%clk 1:16:43]} O-O {[%clk 1:31:12]} 11. Ne5 {[%clk
1:13:31]} Nc6 {[%clk 1:29:12]} 12. Nxc6 {[%clk 1:02:58]} Bxc6 {[%clk 1:29:18]}
13. d4 {[%clk 1:02:57]} b4 {[%clk 1:26:51]} 14. Ne2 {[%clk 1:02:35]} c4 {[%clk
1:25:28]} 15. h3 {[%clk 0:54:29]} Re8 {[%clk 1:19:29]} 16. g4 {[%clk 0:50:46]}
Bd6 {[%clk 1:16:47]} 17. Ng3 {[%clk 0:48:30]} Ne4 {[%clk 0:53:36]} 18. Nxe4
{[%clk 0:41:21]} dxe4 {[%clk 0:53:51]} 19. d5 {[%clk 0:38:47]} Bc5+ {[%clk
0:51:04]} 20. Be3 {[%clk 0:37:50]} Bxe3+ {[%clk 0:44:24]} 21. Rxe3 {[%clk
0:38:13]} Bxd5 {[%clk 0:43:30]} 22. Qd4 {[%clk 0:34:44]} Qa5 1/2-1/2

[Event "DVM U20w 2016"]
[Site "Borken-Gemen GER"]
[Date "2016.12.30"]
[Round "7"]
[White "Silber, Stefanie"]
[Black "Alferova, Ekaterina"]
[Result "1-0"]
[Termination "normal"]
[Board "2.3"]
[WhiteElo "1708"]
[BlackElo "1415"]
[WhiteClock "00:01:16"]
[BlackClock "00:40:07"]
[WhiteTeam "SK Langen"]
[BlackTeam "TSV Forstenried"]
[PlyCount "67"]
[WhiteFideId "12918245"]
[BlackFideId "16217250"]
[EventCountry "GER"]
[EventRounds "7"]
[EventType "team-swiss"]
[EventDate "2016.12.26"]

1. e4 {[%clk 1:30:58]} g6 {[%clk 1:30:53]} 2. d4 {[%clk 1:31:21]} Bg7 {[%clk
1:31:19]} 3. Nf3 {[%clk 1:31:41]} d6 {[%clk 1:31:41]} 4. c3 {[%clk 1:30:35]}
Nf6 {[%clk 1:31:59]} 5. Bd3 {[%clk 1:30:20]} O-O {[%clk 1:32:09]} 6. h3 {[%clk
1:29:04]} Nbd7 {[%clk 1:32:13]} 7. Be3 {[%clk 1:27:35]} e5 {[%clk 1:32:14]} 8.
O-O {[%clk 1:26:40]} Kh8 {[%clk 1:31:25]} 9. Nbd2 {[%clk 1:24:56]} Ng8 {[%clk
1:30:18]} 10. Qc2 {[%clk 1:20:14]} h6 {[%clk 1:30:10]} 11. Nh2 {[%clk 1:13:07]}
Nb6 {[%clk 1:22:12]} 12. f4 {[%clk 1:07:47]} Bd7 {[%clk 1:19:57]} 13. Nhf3
{[%clk 1:06:58]} exf4 {[%clk 1:19:49]} 14. Bxf4 {[%clk 1:07:06]} Ne7 {[%clk
1:18:13]} 15. Rae1 {[%clk 1:05:29]} Nc6 {[%clk 1:14:39]} 16. e5 {[%clk
1:01:46]} d5 {[%clk 1:14:06]} 17. Bg3 {[%clk 0:56:47]} Ne7 {[%clk 1:12:15]} 18.
Nh4 {[%clk 0:51:53]} Qc8 {[%clk 1:09:36]} 19. Kh2 {[%clk 0:45:18]} Kg8 {[%clk
1:08:48]} 20. Rf2 {[%clk 0:44:01]} c5 {[%clk 1:07:12]} 21. dxc5 {[%clk
0:30:19]} Qxc5 {[%clk 1:06:27]} 22. Nb3 {[%clk 0:25:42]} Qc8 {[%clk 1:06:21]}
23. Nd4 {[%clk 0:25:25]} Be6 {[%clk 1:01:08]} 24. Nhf3 {[%clk 0:18:13]} a6
{[%clk 0:55:59]} 25. Bh4 {[%clk 0:12:56]} g5 {[%clk 0:53:06]} 26. Bh7+ {[%clk
0:08:45]} Kh8 {[%clk 0:53:02]} 27. Bxg5 {[%clk 0:04:49]} hxg5 {[%clk 0:53:02]}
28. Nxg5 {[%clk 0:05:06]} Nc6 {[%clk 0:45:05]} 29. Bg8 {[%clk 0:03:38]} Bf5
{[%clk 0:44:02]} 30. Nxf5 {[%clk 0:03:44]} Bxe5+ {[%clk 0:42:59]} 31. Rxe5
{[%clk 0:03:12]} Nxe5 {[%clk 0:41:03]} 32. Ne7 {[%clk 0:02:53]} Ng6 {[%clk
0:40:46]} 33. Nxf7+ {[%clk 0:02:06]} Rxf7 {[%clk 0:40:07]} 34. Rxf7 {[%clk
0:01:16]} 1-0

[Event "DVM U20w 2016"]
[Site "Borken-Gemen GER"]
[Date "2016.12.30"]
[Round "7"]
[White "Krastina, Alma"]
[Black "Hietala, Netta"]
[Result "1-0"]
[Termination "normal"]
[Board "2.4"]
[WhiteElo "1533"]
[BlackElo "1008"]
[WhiteClock "00:14:44"]
[BlackClock "00:12:08"]
[WhiteTeam "TSV Forstenried"]
[BlackTeam "SK Langen"]
[PlyCount "47"]
[WhiteFideId "16222105"]
[BlackFideId "12964743"]
[EventCountry "GER"]
[EventRounds "7"]
[EventType "team-swiss"]
[EventDate "2016.12.26"]

1. f4 {[%clk 1:30:56]} d5 {[%clk 1:30:41]} 2. Nf3 {[%clk 1:31:02]} Nc6 {[%clk
1:30:40]} 3. e3 {[%clk 1:31:07]} e6 {[%clk 1:30:08]} 4. b3 {[%clk 1:29:57]} Nf6
{[%clk 1:28:34]} 5. Bb2 {[%clk 1:30:01]} Be7 {[%clk 1:27:43]} 6. a3 {[%clk
1:26:54]} b6 {[%clk 1:26:48]} 7. Bd3 {[%clk 1:26:21]} a5 {[%clk 1:22:10]} 8.
Nc3 {[%clk 1:25:37]} Bc5 {[%clk 1:13:21]} 9. Qe2 {[%clk 1:18:21]} Bb7 {[%clk
1:06:47]} 10. Nb5 {[%clk 1:08:13]} O-O {[%clk 0:59:36]} 11. Ng5 {[%clk
1:03:40]} h6 {[%clk 0:53:55]} 12. h4 {[%clk 1:00:28]} d4 {[%clk 0:39:30]} 13.
Rd1 {[%clk 0:25:24]} Ba6 {[%clk 0:21:29]} 14. g4 {[%clk 0:16:50]} Re8 {[%clk
0:15:48]} 15. Ne4 {[%clk 0:14:01]} Nxe4 {[%clk 0:15:12]} 16. Bxe4 {[%clk
0:14:21]} Bb7 {[%clk 0:14:31]} 17. Qf3 {[%clk 0:13:31]} Rc8 {[%clk 0:13:38]}
18. Bxc6 {[%clk 0:13:17]} Bxc6 {[%clk 0:13:52]} 19. Qxc6 {[%clk 0:13:44]} Qd5
{[%clk 0:13:25]} 20. Qxd5 {[%clk 0:13:58]} exd5 {[%clk 0:13:48]} 21. Bxd4
{[%clk 0:13:52]} Bxd4 {[%clk 0:13:52]} 22. Nxd4 {[%clk 0:14:18]} c5 {[%clk
0:12:40]} 23. Nf5 {[%clk 0:14:44]} d4 {[%clk 0:12:08]} 24. Nd6 1-0

[Event "DVM U20w 2016"]
[Site "Borken-Gemen GER"]
[Date "2016.12.30"]
[Round "7"]
[White "Schulze, Lara"]
[Black "Peglau, Mirjam"]
[Result "1-0"]
[Termination "normal"]
[Board "3.1"]
[WhiteTitle "WFM"]
[WhiteElo "1920"]
[BlackElo "1600"]
[WhiteTeam "SK Lehrte"]
[BlackTeam "SV Bannewitz"]
[PlyCount "79"]
[WhiteFideId "12956830"]
[BlackFideId "16211138"]
[EventCountry "GER"]
[EventRounds "7"]
[EventType "team-swiss"]
[EventDate "2016.12.26"]

1.e4 c5 2.Nf3 d6 3.d4 cxd4 4.Nxd4 Nf6 5.Nc3 g6 6.Be3 Bg7 7.f3 O-O 8.Qd2 Nc6
9.g4 Bd7 10.h4 Qa5 11.h5 Rfc8 12.hxg6 hxg6 13.O-O-O Ne5 14.Kb1 Nc4 15. Bxc4
Rxc4 16.Nce2 Qxd2 17.Rxd2 Rac8 18.b3 R4c7 19.c4 a6 20.Nc3 Bc6 21.a4 Nd7 22.a5
Rb8 23.Rc1 b6 24.Nxc6 Rxc6 25.Nd5 Kf8 26.Nxb6 Nxb6 27.axb6 Rcxb6 28.Bxb6 Rxb6
29.Rd3 Bh6 30.Rc2 Rc6 31.Ra2 Bf4 32.Rd5 Kg7 33.Kc2 Rb6 34. Rda5 Kf6 35.Rxa6 Rb7
36.Ra7 Rb8 37.Ra8 Rxa8 38.Rxa8 Ke5 39.Kd3 Bg5 40.Ra5+ 1-0

[Event "DVM U20w 2016"]
[Site "Borken-Gemen GER"]
[Date "2016.12.30"]
[Round "7"]
[White "Peglau, Sarah"]
[Black "Böhm, Jana"]
[Result "0-1"]
[Termination "normal"]
[Board "3.2"]
[WhiteElo "1332"]
[BlackElo "1968"]
[WhiteTeam "SV Bannewitz"]
[BlackTeam "SK Lehrte"]
[PlyCount "66"]
[WhiteFideId "16219961"]
[BlackFideId "24661589"]
[EventCountry "GER"]
[EventRounds "7"]
[EventType "team-swiss"]
[EventDate "2016.12.26"]

1.e4 e6 2.d4 d5 3.Nc3 Nf6 4.e5 Nfd7 5.Nce2 c5 6.c3 Nc6 7.f4 Be7 8.Nf3 b6 9.Be3
Ba6 10.Qc2 Rc8 11.O-O-O cxd4 12.Nexd4 Bxf1 13.Rdxf1 Nc5 14.f5 Qd7 15.Kb1 Ne4
16.Nd2 Nxd2+ 17.Qxd2 Nxe5 18.fxe6 fxe6 19.Bf4 Nc6 20.Nf3 O-O 21.Bg3 Bd6 22.Qd3
h6 23.Bxd6 Qxd6 24.h4 Rf4 25.g3 Rf7 26.g4 Rcf8 27.Kc2 Qg3 28.Rhg1 Qh3 29.Nd2
Qxd3+ 30.Kxd3 Rxf1 31.Nxf1 Rf2 32.Nd2 Ne5+ 33.Ke3 Rxd2 0-1

[Event "DVM U20w 2016"]
[Site "Borken-Gemen GER"]
[Date "2016.12.30"]
[Round "7"]
[White "Manusina, Nicole"]
[Black "Peglau, Charis"]
[Result "1-0"]
[Termination "normal"]
[Board "3.3"]
[WhiteElo "1842"]
[BlackElo "1214"]
[WhiteTeam "SK Lehrte"]
[BlackTeam "SV Bannewitz"]
[PlyCount "45"]
[WhiteFideId "24657514"]
[BlackFideId "16219996"]
[EventCountry "GER"]
[EventRounds "7"]
[EventType "team-swiss"]
[EventDate "2016.12.26"]

1.d4 Nf6 2.c4 c5 3.Nf3 g6 4.Nc3 Bg7 5.e4 d6 6.Be2 O-O 7.h3 cxd4 8.Nxd4 Nc6
9.Be3 Bd7 10.O-O a6 11.Qd2 Qc7 12.f3 Ne5 13.b3 Rfc8 14.Rac1 Rab8 15.Nd5 Nxd5
16.cxd5 Qd8 17.f4 Nc6 18.dxc6 bxc6 19.Bxa6 Rc7 20.Bc4 c5 21.Nf3 Kf8 22.Ng5 f6
23.Qd5 1-0

[Event "DVM U20w 2016"]
[Site "Borken-Gemen GER"]
[Date "2016.12.30"]
[Round "7"]
[White "Peglau, Dora"]
[Black "Möller, Hannah"]
[Result "0-1"]
[Termination "normal"]
[Board "3.4"]
[WhiteElo "1171"]
[BlackElo "1724"]
[WhiteTeam "SV Bannewitz"]
[BlackTeam "SK Lehrte"]
[PlyCount "42"]
[WhiteFideId "16220005"]
[BlackFideId "1270514"]
[EventCountry "GER"]
[EventRounds "7"]
[EventType "team-swiss"]
[EventDate "2016.12.26"]

1.e4 c5 2.Nf3 d6 3.d4 cxd4 4.Nxd4 Nf6 5.Nc3 g6 6.Be3 Bg7 7.Qd2 Nc6 8.f3 Bd7
9.O-O-O O-O 10.g4 Rc8 11.h4 Ne5 12.Be2 Nc4 13.Bxc4 Rxc4 14.h5 b5 15. hxg6 fxg6
16.Bh6 Nxe4 17.Nxe4 Rxd4 18.Qc3 Rxd1+ 19.Rxd1 Bxc3 20.Bxf8 Qxf8 21.Nxc3 Qxf3
0-1

[Event "DVM U20w 2016"]
[Site "Borken-Gemen GER"]
[Date "2016.12.30"]
[Round "7"]
[White "Voß, Henrike"]
[Black "Wolff, Marie Antoinette"]
[Result "0-1"]
[Termination "normal"]
[Board "4.1"]
[WhiteElo "1591"]
[BlackElo "1771"]
[WhiteTeam "Hamburger SK"]
[BlackTeam "Leegebrucher SF"]
[PlyCount "114"]
[WhiteFideId "12971910"]
[BlackFideId "12908258"]
[EventCountry "GER"]
[EventRounds "7"]
[EventType "team-swiss"]
[EventDate "2016.12.26"]

1.e4 c5 2.Nf3 Nc6 3.Bb5 g6 4.O-O Bg7 5.Re1 d6 6.h3 Bd7 7.c3 Nf6 8.d4 cxd4
9.cxd4 a6 10.Bf1 O-O 11.Nc3 Rc8 12.Rb1 Na7 13.Bg5 h6 14.Bd2 Qe8 15.Qb3 b5
16.Bd3 Bc6 17.e5 dxe5 18.dxe5 Nh7 19.Nd4 e6 20.f4 Qd7 21.Nce2 Bd5 22.Qa3 Qb7
23.Ng3 Bxg2 24.Be4 Bxe4 25.Nxe4 Qd5 26.Bc3 Rc4 27.Qd6 b4 28.Qxd5 exd5 29.Nd6
bxc3 30.Nxc4 dxc4 31.bxc3 Re8 32.Rb6 g5 33.Rxa6 Nc8 34.Nf5 gxf4 35. Nxg7 Kxg7
36.h4 Nf8 37.h5 Nd7 38.e6 Nc5 39.Rc6 Nxe6 40.Rxc4 Nd6 41.Rb4 Rc8 42.Rc1 Rc5
43.Kf2 Rxh5 44.Rg1+ Kf6 45.Rd1 Nb5 46.c4 Nc3 47.Rg1 Nxa2 48.Rb6 Nc3 49.Kf3 Kf5
50.Ra6 Nd4+ 51.Kg2 Ke4 52.Rf6 Nf5 53.Re1+ Ne3+ 54.Kg1 Kf3 55.Rxf7 Rg5+ 56.Kh1
Kf2 57.Rxe3 Rh5+ 0-1

[Event "DVM U20w 2016"]
[Site "Borken-Gemen GER"]
[Date "2016.12.30"]
[Round "7"]
[White "Sauer, Annika"]
[Black "Reich, Kristina"]
[Result "1-0"]
[Termination "normal"]
[Board "4.2"]
[WhiteElo "1572"]
[BlackElo "1618"]
[WhiteTeam "Leegebrucher SF"]
[BlackTeam "Hamburger SK"]
[PlyCount "51"]
[WhiteFideId "12952052"]
[BlackFideId "12964719"]
[EventCountry "GER"]
[EventRounds "7"]
[EventType "team-swiss"]
[EventDate "2016.12.26"]

1.d4 Nf6 2.Nf3 e6 3.e3 b6 4.Bd3 Bb7 5.O-O Be7 6.c4 O-O 7.Nbd2 d6 8.b3 Nbd7
9.Bb2 c5 10.Re1 cxd4 11.exd4 Rc8 12.Qe2 Re8 13.Ne4 Nxe4 14.Bxe4 d5 15.Bd3 dxc4
16.Bxc4 Bb4 17.Red1 Bd5 18.Rac1 Bxf3 19.Qxf3 Qf6 20.Qb7 Qd8 21.Bb5 Rxc1 22.Rxc1
Nc5 23.dxc5 Re7 24.Qf3 Bxc5 25.Rd1 Qc7 26.Qa8+ 1-0

[Event "DVM U20w 2016"]
[Site "Borken-Gemen GER"]
[Date "2016.12.30"]
[Round "7"]
[White "Leinemann, Vivien S."]
[Black "Pietsch, Virginia-Atlanta"]
[Result "1-0"]
[Termination "normal"]
[Board "4.3"]
[WhiteElo "1627"]
[BlackElo "904"]
[WhiteTeam "Hamburger SK"]
[BlackTeam "Leegebrucher SF"]
[PlyCount "67"]
[WhiteFideId "16208536"]
[BlackFideId "16235053"]
[EventCountry "GER"]
[EventRounds "7"]
[EventType "team-swiss"]
[EventDate "2016.12.26"]

1.e4 c5 2.Nf3 e6 3.d4 cxd4 4.Nxd4 a6 5.c4 Bc5 6.Be3 Ne7 7.Nc3 O-O 8.Nxe6 dxe6
9.Qxd8 Rxd8 10.Bxc5 Nbc6 11.Be2 Rb8 12.Bb6 Rd7 13.a3 Nd4 14.Bd1 Nec6 15.Ba4 e5
16.Nd5 Ra8 17.Rd1 Ne6 18.O-O f6 19.Rd2 Rf7 20.Rfd1 Ned4 21.b4 Be6 22.Nc7 Rc8
23.Nxe6 Nxe6 24.Bxc6 bxc6 25.g3 Rff8 26.Rd6 Rfe8 27.a4 c5 28.Bxc5 Nxc5 29.bxc5
Rxc5 30.Rxa6 Rxc4 31.Ra7 Rxe4 32.Rdd7 Rg4 33.a5 Rb8 34.a6 1-0

[Event "DVM U20w 2016"]
[Site "Borken-Gemen GER"]
[Date "2016.12.30"]
[Round "7"]
[White "Mylke, Sandy-Michelle"]
[Black "Reiter, Nicole"]
[Result "1-0"]
[Termination "normal"]
[Board "4.4"]
[WhiteElo "1061"]
[BlackElo "1296"]
[WhiteTeam "Leegebrucher SF"]
[BlackTeam "Hamburger SK"]
[PlyCount "61"]
[WhiteFideId "16235045"]
[BlackFideId "16212126"]
[EventCountry "GER"]
[EventRounds "7"]
[EventType "team-swiss"]
[EventDate "2016.12.26"]

1.e4 d5 2.exd5 Qxd5 3.Nc3 Qd6 4.Nf3 Nf6 5.d4 g6 6.Bc4 Bg7 7.Bg5 O-O 8.Qd2 a6
9.O-O b5 10.Be2 Bb7 11.a3 Nbd7 12.Bf4 Qb6 13.Rfe1 Rad8 14.Qe3 e6 15.Bg5 c5
16.Rad1 cxd4 17.Nxd4 Nc5 18.Nf3 Qc7 19.Bf4 Qc6 20.b4 Nce4 21.Na2 Qxc2 22.Nc1
Nc3 23.Rd2 Rxd2 24.Nxd2 Nxe2+ 25.Nxe2 Ne4 26.Rc1 Qa2 27.Nxe4 Qd5 28.f3 Rd8
29.N2c3 Qd7 30.Nc5 Qc7 31.Bxc7 1-0